00338nam a2200133Ia 4500008004100000041000800041082001200049100001500061245004400076250000700120260003800127300003000165365000900195240624s9999 xx 000 0 und d aeng a200 FOE aFOEGE ALEC aEMPIRE GOD BUILT INSIDE PAT ROBERTSON S a11 c1996aCanadabJohn Wiley and Sons axi, : 242 : p. : cm. ; 23 cb30